Kurt Schwitters, catalogue raisonné / (Registro nro. 323049)
[ vista simple ]
| 000 -ENCABEZADO | |
|---|---|
| Número de control [NR] | 01530nam a22003017a 4500 |
| 005 - FECHA Y HORA DE LA ÚLTIMA TRANSACCIÓN | |
| control field | 20230823120229.0 |
| 008 - DE LONGITUD FIJA DE DATOS DE ELEMENTOS - INFORMACIÓN GENERAL | |
| Elementos de longitud fija [NR] | 230823b ||||| |||| 00| 0 eng d |
| 020 ## - NUMERO INTERNACIONAL NORMALIZADO PARA LIBROS [R] | |
| Número Internacional Normalizado del libro [NR] | 3775709886 |
| 040 ## - FUENTE DE CATALOGACION [NR] | |
| Agencia de catalogación original [NR] | CO-BoUCM |
| Quien Cataloga | David Moreno |
| Quien Clasifica | David Moreno |
| 041 ## - CODIGO DE IDIOMA [R] | |
| Código de idioma para texto/pista de sonido o título separado [R] | Inglés |
| 100 1# - ASIENTO PRINCIPAL--NOMBRE PERSONAL [NR] | |
| Nombre personal [NR] | Schwitters, Kurt |
| Fechas asociadas con el nombre [NR] | 1887-1948 |
| ID Autoridad | 178514 |
| 240 10 - TITULO UNIFORME [NR] | |
| Título uniforme [NR] | <a href="Catalog raisonné">Catalog raisonné</a> |
| 245 10 - MENCION DE TITULO [NR] | |
| Título [NR] | Kurt Schwitters, catalogue raisonné / |
| Mención de responsabilidad, etc. [NR] | cherausgegeben vom Sprengel Museum Hannover im Auftrag der Niedersächsischen Sparkassenstiftung, der Norddeutschen Landesbank und der Stadtsparkasse Hannover ; bearbeitet von Karin Orchard und Isabel Schulz = published by the Sprengel Museum Hannover, on behalf of the Niedersächsische Sparkassenstiftung, the Norddeutsche Landesbank and the Stadtsparkasse Hannover ; edited by Karin Orchard and Isabel Schulz. |
| 246 ## - FORMA VARIANTE DEL TITULO [R] | |
| Título propiamente dicho/forma breve del título [NR] | Catalogue raisonné, Kurt Schwitters |
| 260 ## - PUBLICACION, DISTRIBUCION, ETC. (PIE DE IMPRENTA) [R] | |
| Lugar de publicación, distribución, etc. [R] | Ostfildern-Ruit |
| Nombre del editor, distribuidor, etc. [R] | Hatje Cantz |
| Fecha de publicación, distribución, etc. [R] | 2000 |
| 300 ## - DESCRIPCION FISICA [R] | |
| Extensión [R] | 603 Paginas |
| Otros detalles físicos [NR] | ilustraciones |
| 504 ## - NOTA DE BIBLIOGRAFIA, ETC. [R] | |
| Nota de bibliografía, etc. [NR] | Incluye referencias bibliográficas e índices |
| 546 ## - NOTA DE IDIOMA [R] | |
| Nota de idioma [NR] | Text in German and English |
| 600 10 - ASIENTO SECUNDARIO DE MATERIA - NOMBRE PERSONAL [R] | |
| Nombre personal [NR] | Schwitters, Kurt |
| Fechas asociadas con el nombre [NR] | 1887-1948 |
| Subdivisión de forma [R] | Catalogues raisonnés |
| 9 (RLIN) | 178515 |
| 700 1# - ASIENTO SECUNDARIO - NOMBRE PERSONAL [R] | |
| Nombre personal [NR] | Schulz, Isabel |
| 9 (RLIN) | 178516 |
| 700 1# - ASIENTO SECUNDARIO - NOMBRE PERSONAL [R] | |
| Nombre personal [NR] | Orchard, Karin |
| 9 (RLIN) | 178517 |
| 710 2# - ASIENTO SECUNDARIO - NOMBRE CORPORATIVO [R] | |
| Nombre corporativo o de jurisdicción como elemento de entrada [NR] | Stadtsparkasse Hannover |
| 9 (RLIN) | 178518 |
| 710 2# - ASIENTO SECUNDARIO - NOMBRE CORPORATIVO [R] | |
| Nombre corporativo o de jurisdicción como elemento de entrada [NR] | Norddeutsche Landesbank Girozentrale |
| 9 (RLIN) | 178519 |
| 710 2# - ASIENTO SECUNDARIO - NOMBRE CORPORATIVO [R] | |
| Nombre corporativo o de jurisdicción como elemento de entrada [NR] | Niedersächsische Sparkassenstiftung |
| 9 (RLIN) | 178520 |
| 710 2# - ASIENTO SECUNDARIO - NOMBRE CORPORATIVO [R] | |
| Nombre corporativo o de jurisdicción como elemento de entrada [NR] | Sprengel Museum Hannover |
| 9 (RLIN) | 178521 |
| 942 ## - ELEMENTOS DE ENTRADA AGREGADOS (KOHA) | |
| Sistema de clasificación | DEWEY |
| Tema principal | Arte |
| Tipo de ítem principal el descrito en 300a | Libro de Reserva |
| Edición | 1 |
| Clasificación | 759.3 |
| Parte restante de la signatura top. | S415c |
| Título oculto en OPAC | No |
| Signatura topográfica | Código de barras | Última vez visto | Ejemplar | Costo de reposición | Price effective from | Tipo de ítem | Perdido | Sistema de clasificación | Dañado | No prestable | Tipo de ítem específico | Suprimido | Ubicación habitual | Ubicación actual | Localización | Fecha de creación | Forma de adquisición | Costo |
|---|---|---|---|---|---|---|---|---|---|---|---|---|---|---|---|---|---|---|
| 759.3 S415c | 100171800 | 06/12/2025 | Ej.1 | 1840752.00 | 23/08/2023 | Libro de Reserva | DEWEY | Libro de Reserva | Claustro | Claustro | 2do piso | 23/08/2023 | Compra | 1840752.00 |